[Event "Candidates Tournament"]
[Site "Ekaterinburg"]
[Date "2020.03.18"]
[Round "2"]
[White "Vachier Lagrave, Maxime"]
[Black "Ding, Liren"]
[Result "1-0"]
[WhiteElo "2767"]
[BlackElo "2805"]
[Annotator "Edouard,R"]
[PlyCount "73"]
[EventDate "2020.03.15"]
[EventType "tourn"]
[EventRounds "14"]
[EventCountry "RUS"]
[EventCategory "21"]
[SourceTitle "CBM 195"]
[Source "ChessBase"]
[SourceDate "2020.04.30"]
[SourceVersion "1"]
[SourceVersionDate "2020.04.30"]
[SourceQuality "1"]

1. e4 e5 2. Nf3 Nc6 3. Bb5 a6 4. Ba4 Nf6 5. O-O Be7 6. Re1 b5 7. Bb3 O-O 8. h3
{[#] One of two popular ways to avoid Marshall Gambit (8.c3 d5!?), the other
being 8.a4!?} Bb7 9. d3 {The move everyone plays.} ({It is now quite
well-known that} 9. c3 d5 10. exd5 Nxd5 11. Nxe5 Nxe5 12. Rxe5 Nf4 {is just an
improved Marshall for Black.}) 9... d6 (9... d5 10. exd5 Nxd5 {is again
another kind of Marshall, that Ding played many times as Black. However,
lately MVL won a convincing game against So against this line. Although that
was an internet blitz game, we may conclude that was the reason why Ding did
not repeat 9...d5.} 11. a4 $5 (11. Nxe5 Nd4 {is the start of some heavy theory
- for example we have seen this position between Kjakin and Carlsen (World
Championship match) and Wang Hao and Ding Liren (two of the Candidates). These
two games ended drawn and in general results are reasonable for Black.}) 11...
Nd4 12. Nbd2 $5 {Unexpectedly surrending the bishop pair!} (12. Nxd4 exd4 13.
axb5 axb5 14. Rxa8 Bxa8 15. Na3 Bb4 16. Bd2 Bxd2 17. Qxd2 Qf6 18. Bxd5 Bxd5 19.
Nxb5 Bxg2 $1 $11 {1-0 (40) Ivanchuk,V (2729)-Ding Liren (2781) Danzhou 2017})
12... Nxb3 13. Nxb3 Nb4 (13... f6 14. Na5 $1 Qc8 15. Bd2 $14) 14. Nxe5 Qd5 15.
Nf3 Qd7 16. Ne5 Qd5 17. f3 $1 Bd6 18. Ng4 (18. d4 $5) 18... Bg3 (18... Rae8 $5)
19. Re4 Qd6 20. Rd4 Qe7 21. Bd2 c5 22. Bxb4 cxb4 23. Nh6+ $1 gxh6 24. Rg4+ Kh8
25. Rxg3 Qe5 26. Qe1 Qxb2 27. axb5 a5 28. Qe7 Bd5 29. d4 {1-0 Vachier Lagrave,
M (2774)-So,W (2767) chess.com 2019.}) 10. a3 Qd7 {One of the three possible
plans.} (10... Nb8 $5 11. Nbd2 Nbd7 12. Nf1 Nc5 (12... Re8 {also deserves
attention:} 13. Ng3 Bf8 14. Ng5 d5 $5 15. exd5 Nc5 $1 16. c4 Nxb3 17. Qxb3 c6
18. dxc6 Bxc6 19. cxb5 Bd5 20. Qd1 axb5 21. N5e4 h6 22. Qf3 (22. Bd2 $5) 22...
Ra6 23. Bd2 Ba8 24. Bb4 Nd5 $44 {0-1 (44) Zhigalko,S (2656)-Carlsen,M (2850)
Berlin 2015}) 13. Ba2 Ne6 14. Ng3 Re8 15. Ng5 Bc8 16. Qf3 h6 17. Nxe6 Bxe6 18.
Nf5 Bf8 {Here White should be a little better if he doesn't hurry up playing
g4.} 19. g4 (19. a4 $5) (19. h4 $5) 19... Bxa2 20. Rxa2 Re6 21. c3 d5 $11 {
½-½ (41) Shankland,S (2731)-Wojtaszek,R (2722) Prague 2019}) (10... Na5 11.
Ba2 c5 12. Nc3 Nc6 13. Bd2 ({It would have made sense to play} 13. Nd5 {first.}
) 13... Rc8 (13... Nd4 $5) 14. Nd5 Nxd5 15. Bxd5 Qd7 16. c3 Bf6 17. Nh2 $14 {
1-0 (74) Karthikeyan,M (2606)-Abdumalik,Z (2471) Caleta 2020}) 11. Nc3 $1 ({
Let's just remember that game Carlsen couldn't manage to eventually win in New
York, four years earlier:} 11. Nbd2 Rfe8 12. c3 Bf8 13. Nf1 h6 14. N3h2 d5 15.
Qf3 Na5 16. Ba2 dxe4 17. dxe4 Nc4 18. Bxh6 Qc6 19. Bxc4 bxc4 20. Be3 Nxe4 $17 {
½-½ (94) Karjakin,S (2772)-Carlsen,M (2853) New York 2016.}) 11... Rfe8 $1 (
11... Nd8 {allows} 12. d4 exd4 13. Nxd4 Re8 14. Nf5 $14 {½-½ (24) Ganguly,S 
(2636)-Nihal,S (2618) Wijk aan Zee 2020.}) 12. Bd2 $5 {Other moves did not
bring White much advantage.} (12. Ne2 Nd8 13. Ng3 Ne6 14. Nf5 Bd8 (14... Bf8 $5
) 15. Ng5 c5 16. Qf3 d5 17. exd5 Bxd5 18. Bxd5 Nxg5 19. Bxg5 Qxd5 20. Qg3 g6
$13 {½-½ (51) Shankland,S (2705)-Ding Liren (2811) chess.com 2019}) (12. Nd5
Nxd5 13. exd5 Na7 (13... Nd4 $5) 14. d4 exd4 15. Qxd4 c5 16. dxc6 Nxc6 17. Qd3
Bf6 18. Bd2 Ne5 19. Rxe5 Rxe5 20. Nxe5 Bxe5 21. c3 Qc6 22. f3 d5 {was close to
equal in Nakamura,H (2743)-Ding Liren (2805) Saint Louis 2019, ½-½ (47).})
12... Nd8 13. Nd5 $1 $146 Nxd5 (13... Ne6 {had been played in a correspondence
game, but after} 14. Nxe7+ Qxe7 15. Ng5 $5 {White should definitely have a
small advantage.}) 14. exd5 c5 (14... c6 15. c4 cxd5 16. cxd5 {wouldn't be
fuck for Black: he's lacking space and activity, while he can't attack the
theoretical d5-weakness.}) 15. a4 {Until there, both players had played
relatively fast...} f5 $4 $146 {...and Ding just blundered!} (15... f6 $1 {
was necessary, as a few correspondence games had shown. If White continues} 16.
axb5 axb5 17. Rxa8 Bxa8 18. c4 {as in the game, now} Rf8 19. cxb5 Qxb5 {
is just fine, as there is no Nxe5.}) 16. axb5 $1 (16. Nxe5 $2 {would be
premature due to} dxe5 17. d6+ c4 $1 18. dxc4 Bf6 $132) 16... axb5 17. Rxa8
Bxa8 18. c4 $1 {An amazing way to win a pawn! Black cannot move his b5-pawn
due to Ba4, and he also cannot defend it!} Nf7 (18... Rf8 19. cxb5 Qxb5 $2 20.
Nxe5 $1 dxe5 21. d6+ $18) 19. cxb5 {And the b5-pawn is untouchable due to Ba4.
Black has just lost quite an important pawn: after Bc4, White will take
control of the position and play b4 soon or late.} g5 $2 {Probably upset with
his position, Ding tried to find counterplay on the kingside.} (19... Bd8 {
was a more solid defence.}) 20. Nh2 $1 {Preventing both ...h5 and ...g4.} Kg7
21. Bc4 Kg6 {Black is ready to do anything to push ...h5!} 22. g4 $1 {Just a
good positionnal move. Black is worse on both sides of the board!} Nh6 23. Qf3
Bd8 24. Qg2 $5 {White takes his time. Black has to be careful with his g5-pawn
in some lines!} f4 $2 {Definitely not a good move, but Black's situation
didn't leave Ding many hopes.} 25. b4 $1 Bb6 26. Qe4+ Kg7 27. bxc5 $1 {Black's
position collapses.} dxc5 (27... Bxc5 28. d4 $1 Bxd4 29. Nf3 Bb6 30. Nxg5 $18)
28. Nf3 Nf7 29. Bc3 $1 {Before Black goes ...Nd6.} Bc7 30. b6 Bb8 31. Qf5 {
Perhaps not the best move - but a good technical win.} Qxf5 32. gxf5 Kf6 33.
Nd2 $5 (33. Bb5 Re7 34. Bc6 Bb7 35. Nd2 {should also be an easy win.}) 33...
Rd8 (33... Kxf5 34. Bb5 {followed with Bc6.}) 34. d6 $1 {A very elegant move!
Black doesn't have a good way to take on d6.} Rxd6 (34... Bxd6 35. Ra1 {
(White has avoided ...Bxd5) followed with Ra7 or Ne4+ is an easy win.}) (34...
Nxd6 $6 35. Rxe5 {would lose even faster.}) 35. Rb1 $1 Nd8 $2 (35... Bc6 36.
Ne4+ Bxe4 37. dxe4 {would have been an easy technical win for White.}) 36. b7
$1 {Excellent finish!} Bxb7 (36... Nxb7 37. Ne4+ $18) 37. Ba5 {Winning a full
piece.} 1-0

[Event "Candidates Tournament"]
[Site "Ekaterinburg"]
[Date "2020.03.18"]
[Round "2"]
[White "Wang, Hao"]
[Black "Giri, Anish"]
[Result "1/2-1/2"]
[WhiteElo "2762"]
[BlackElo "2763"]
[Annotator "Edouard,R"]
[PlyCount "121"]
[EventDate "2020.03.15"]
[EventType "tourn"]
[EventRounds "14"]
[EventCountry "RUS"]
[EventCategory "21"]
[SourceTitle "CBM 195"]
[Source "ChessBase"]
[SourceDate "2020.04.30"]
[SourceVersion "1"]
[SourceVersionDate "2020.04.30"]
[SourceQuality "1"]

1. c4 c5 2. Nc3 g6 3. g3 Bg7 4. Bg2 Nc6 5. Nf3 e6 6. h4 $5 {The new fashion,
played by Magnus Carlsen, and by Anish Giri himself as White.} h6 $5 {The
typical reaction to most h4 ideas, in order to meet h5 with ...g5.} ({Several
games continued} 6... Nf6 7. d4 cxd4 8. Nxd4 {which gives us a strange
position, in fact transposing into a standard line where the weird h4 and ...
e6 have been included.} O-O (8... d5 9. cxd5 exd5 10. Nb3 O-O 11. Bg5 h6 12.
Bf4 Be6 13. O-O d4 14. Nb5 Nd5 15. Bd6 Re8 16. Bc5 Qd7 17. Ba3 $14 {1-0 (35)
Kryakvin,D (2586)-Shariyazdanov,A (2526) Voronezh 2019}) 9. O-O d5 10. cxd5
Nxd5 11. Bg5 $5 (11. Nxc6 bxc6 12. Bd2 Nxc3 13. Bxc3 Bxc3 14. bxc3 Ba6 $11 {
½-½ (59) Giri,A (2771)-So,W (2812) Stavanger 2017}) 11... Qa5 (11... Qb6 $5)
12. Nb3 Nxc3 13. Nxa5 Nxd1 14. Nxc6 Nxb2 15. Ne7+ Kh8 16. Rac1 $14 {½-½ (55)
Carlsen,M (2876)-Kasimdzhanov,R (2657) Douglas 2019}) (6... d5 7. h5 $1 {
is definitely risky for Black, although after} Nge7 {players generally
transpose in an endgame:} 8. d3 dxc4 9. dxc4 Qxd1+ 10. Nxd1 {when the h5 pawn,
ready to be pushed to h6, is a serious asset.} b6 11. h6 Bf6 12. Bg5 (12. Ne3
$5 {with the threat of Ng4 is surely worth investigation, though after} O-O 13.
Ng4 Bh8 14. Nfe5 Nxe5 15. Nxe5 Ba6 $1 {Black seems to be fine!}) 12... Bxg5 13.
Nxg5 Bb7 $1 (13... O-O 14. Nc3 f6 15. Nge4 Ba6 16. b3 Rad8 17. f4 Rd7 18. Kf2
$14 {½-½ (33) Zeng,C (2541)-Wei,Y (2706) China 2015}) 14. Ne3 Nf5 $1 15. Nxf5
gxf5 16. O-O-O Rb8 17. Rd2 Ne5 18. Bxb7 Rxb7 19. b3 Ke7 $11 {½-½ (52) Adams,
M (2744)-Wei,Y (2706) Netherlands 2016}) 7. d4 (7. e3 $5 {was tried by the
World Champion in a blitz game.} Nge7 8. d4 cxd4 9. Nxd4 d5 10. cxd5 Nxd4 11.
exd4 Nxd5 12. O-O {The inclusion of h4/...h5 is, beyong any doubt, to White's
favor. The reason is simple: the vulnerable h6-pawn makes difficult a possible
attack of the d4-pawn. Furthermore, the g4-square isn't accessible for the
black bishop as ...e6 has already been played. Last but not least, Black
should always watch out for the h5-push.} O-O 13. Qb3 (13. Re1 $5) 13... Ne7
14. Rd1 Nf5 15. Ne2 a5 $1 16. Bf4 a4 17. Qa3 Qb6 $13 {Nevertheless, with
precise moves it seems Black managed to equalize comfortably in the game.
½-½ (74) Carlsen,M (2861)-So,W (2754) Abidjan 2019}) 7... cxd4 (7... Nxd4 $6
{runs into a trap:} 8. Nxd4 cxd4 9. Ne4 $1 d5 10. Qa4+ $1 Kf8 11. Qa3+ Qe7 12.
Nd6 {and Black's position is very dangerous, e.g.} Be5 13. Bf4 (13. c5 $5 $44)
13... Bxf4 14. gxf4 Nf6 15. Rc1 Bd7 16. cxd5 exd5 17. Rc7 d3 18. e3 d4 19. e4
Rd8 20. Rxb7 Nh5 21. Bf3 $2 (21. f5 $5) 21... Nxf4 $13 {0-1 (73) Christiansen,
J (2609)-Adhiban,B (2659) chess.com 2020}) 8. Nb5 d5 (8... Nge7 $5 {looks
dubious but may actually be playable:} 9. Nd6+ ({White may always play} 9.
Nfxd4 {if he wants to try for a small advantage}) 9... Kf8 10. O-O Nf5 $1 11.
Nxf5 gxf5 $13 {0-1 (37) Christiansen,J (2597)-Vastrukhin,O (2428) Moscow 2019})
9. cxd5 exd5 10. O-O Nf6 11. Bf4 O-O 12. Qc1 $6 $146 ({After a long thought,
Wang Hao decided not to make a draw with} 12. Nc7 Rb8 13. Nb5 $11 {- although
to be fair, after 12.Nc7, 12...Nh5!? should be checked.}) (12. Nfxd4 {looks
like a more natural way to play, but Black should be fine, e.g.} a6 13. Nxc6
bxc6 14. Nd4 Qb6 $13 {½-½ (37) Sandipan,C (2575)-Leenhouts,K (2486) Dieren
2017}) 12... a6 $6 {A strange decision, sort of losing a tempo and forcing a
move White wanted to play anyway. It seems Anish was afraid of some tactics
which I cannot see.} (12... Kh7 {was by far the most natural move - as White
anyway has a choice between forcing a draw (13.Nc7) or capturing on d4 (as in
the game).}) (12... Bg4 $5 {was the more courageous try, and Black might be
slightly better:} 13. Rd1 (13. Bxh6 $6 Qb6 {would be great for Black, the
b5-pawn having to move to a3.}) 13... Bxf3 (13... Qb6 $5 14. Nfxd4 Rac8 $132) (
13... Ne4 14. Bxh6 Qb6 15. Bxg7 Kxg7 16. Nfxd4 Nxd4 17. Nxd4 Bxe2 $1 18. Re1
Ba6 $132) (13... Kh7 $5) 14. Bxf3 Ne4 15. Bxh6 Qb6 16. Bxg7 Kxg7 17. a4 a6 18.
Bxe4 dxe4 19. Nd6 e3 $15) 13. Nbxd4 Nxd4 14. Nxd4 Kh7 15. Rd1 Re8 16. Qc7 $1 {
White's h4-move is a bit weaknessing as long as queens are on the board. After
the exchange, White can easily execute his plan, f3, Kf2, etc.} Qxc7 17. Bxc7
Bg4 18. f3 Rac8 19. Ba5 Bd7 20. Kf2 h5 21. Bf1 Ng8 22. Bc3 Bh6 23. Rd3 Ne7 24.
Rad1 {Natural moves were played by both sides, and White stands symbolically
better.} Bg7 {I'm sure sure this was a good decision. By eventually exchanging
the dark-squared bishops, White will get a very pleasant position.} 25. e3 Kg8
26. R3d2 Ba4 27. Re1 Bd7 28. Ne2 $1 Rc7 29. Bxg7 Kxg7 30. Nc3 (30. Nf4 {
seemed to me more natural, but White probably wanted to keep all four rooks on
the board, and I think he was right:} Rec8 31. Bd3 Rc1 $132) 30... Be6 31. Red1
b5 32. a3 Rb8 $6 ({I thought} 32... Nf5 $1 {would have been a better move,
preventing} 33. Ne2 $6 {because of} Bc8 $1 {and the e3-pawn becomes a serious
problem:} 34. Rd3 $8 Rc2 $15) 33. Ne2 a5 34. Nd4 Bd7 $2 {Allowing White to fix
a weakness on b5.} (34... b4 35. a4 {was no fun for Black, but definitely
better than the game.}) 35. b4 axb4 (35... Rc3 36. Ra1 axb4 37. axb4 Nf5 38.
Nxf5+ Bxf5 {may have been a better (or at least more active) defence.}) 36.
axb4 Ra8 37. Rb2 Ra4 38. Rdb1 Rb7 39. Rc1 Rba7 $2 40. Nxb5 Bxb5 ({After} 40...
Rb7 {Anish might have blundered} 41. Rc7 {but the problem is that 41.Nd4 also
works!}) 41. Bxb5 Ra3 42. Be2 Rb7 43. b5 Rb6 44. Rd1 Kf6 45. Rdd2 Rb7 {That
endgame should be dead lost for Black, but Anish Giri fought like a lion.} 46.
Bd3 (46. Ra2 {may have been White's idea, but actually after} Rxa2 47. Rxa2 Nf5
48. Ra6+ Ke7 {followed with ...Nd6, the win is far from simple.}) 46... Nc8 47.
e4 $5 {It seemed fairly good to open the position and give the white rooks
more potencial, but even after that, Black remains relatively solid.} dxe4 48.
Bxe4 Rb6 49. Rd7 (49. Bd3 $5 Nd6 50. Bf1 {may have been better, avoiding ...
Nc4 ideas.}) 49... Rc3 50. Rb7 Rxb7 51. Bxb7 Nb6 52. Be4 Ke5 53. Rd2 $2 {
At that moment, I felt like Black is going to escape this nightmare.} ({
My feeling was that} 53. Re2 $1 {should be a forced win, but I underestimated
Black's next move, that surely annoyed Wang Hao:} Kd4 $8 (53... Kd6 54. Rc2 $1
Rc5 55. Rxc5 Kxc5 56. Bc6 {threatening Bc8 is an easy win, e.g.} Nc8 57. Ke3
Nd6 58. Kf4 Nxb5 59. Bxb5 Kxb5 60. g4 $18) (53... Kf6 $2 54. Rc2 Rxc2+ 55. Bxc2
Ke5 56. Bb3 $18) 54. Bc6 $5 (54. Rc2 Rb3 $132) 54... Nc4 55. b6 $5 {Of course,
I haven't seen that far!} Rb3 $1 (55... Nxb6 56. Re4+ Kc5 57. Be8 $18) 56. b7
Na5 57. Rd2+ Kc3 58. Bd5 Rb6 59. Ke3 Nxb7 60. Bxf7 Nd6 61. Rd3+ Kc2 {and the
war is not over!}) 53... Rb3 54. Bc6 Nc4 55. f4+ Kf6 56. Rd8 Rb2+ 57. Kf3 Nd2+
58. Ke3 Nf1+ $1 {A very nasty move. Now White should sac couple of pawns if he
wants to play on.} 59. Kf3 (59. Kd4 $4 Rd2+ $19) 59... Nd2+ 60. Ke2 Ne4+ 61.
Kf3 ({I still believe White could have tried} 61. Ke3 Nxg3 62. Rd1 {after what
Black would still have to suffer to make a draw, as} Nf5+ (62... Rb4 $5) 63.
Kd3 Nxh4 64. Kc3 Re2 65. Bd7 $1 {(with the idea of b6) does not seem fun for
Black.}) 1/2-1/2